Регионална библиотека "Любен Каравелов" - Русе

Рай за грешни (Запис номер 107196)

MARC детайли
000 -Лидер
Контролно поле с фиксирана дължина 01267nam a2200313 c 4500
003 - Код на организацията, давaща контролен номер
Контролно поле BLK
005 - Дата и час на последна редакция
Контролно поле 20240925005445.0
008 - Елементи от данни с фиксирана дължина
fixed length control field 180409b bul|||||r ||||||| ||bul||
010 ## - Наследен системен номер
LC control number KNG00112472000
020 ## - Международен стандартен номер на книга ISBN
Международен стандартен номер на книга ISBN 954-739-351-0
-- издат.: Захарий Стоянов
040 ## - Източник на каталожния запис
Идентификатор на билиотеката - собственик на записа BLK
041 ## - Код за език
Код за езика на текст/звукозапис или на отделно заглавие Български
Код за езика КДБФ Български
080 ## - УДК
Текстов определител УДК Българска литература
УДК код - определител по УДК 821.163.2
УДК определител -1(081.2)
УДК - код + определител 821.163.2-1(081.2)
100 1# - Редна дума - Автор
Автор Вълчев, Найден Станев
Авторска отговорност първи автор
R(LIN) 368316
139 ## - Редно поле
Редна дума Вълчев, Найден Станев
Авторски знак Вълч - В 95
245 10 - Сведения за заглавието
Заглавие Рай за грешни
Подзаглавни данни Избрани стихотворения 1953 - 2003
Редно поле (дума) Найден Станев Вълчев; ред. Валери Петров.
257 ## - Страна на издаване
Страна на създаване/издаване България
260 ## - Област на издателските данни
-- София
Име на издателя, разпространителя и проч. Захарий Стоянов
Година на издаване 2003
Печатница София : Образование и наука
300 ## - Физическа характеристика
Страници 376 с.
Размери/Мащаб 20 см
380 ## - Жанр
Жанр Худож. лит.
490 1# - СЕРИИ (Колекции)
Име на серия Съвременна българска поезия
700 ## - Други автори (авторска отговорност)
Лично име Петров, Валери
Дати, свързани с автора 1920 - 2014
Пълна форма на името Меворах, Валери Нисим
9 (RLIN) 363347
852 ## - Местоположение
Форматна сигнатура Цб 219081
856 4# - Електронен адрес и достъп
Електронен формат pdf - файл
Път до файла /url/
856 4# - Електронен адрес и достъп
Електронен формат pdf - файл
Път до файла /url/
942 ## - АРТИКУЛИ
Вид на библиотечния материал Книги
Скрит в OPAC Не
Koha issues (borrowed), all copies 1
944 ## - СЪЗДАВАНЕ И РЕДАКЦИЯ на ЗАПИСА
Създаване/Редакция Създаване
Дата на регистрацията/редакция 20.04.2004
Служител, извършил регистрацията/редакцията
Статус, дата на статуса CRON CRON
944 ## - СЪЗДАВАНЕ И РЕДАКЦИЯ на ЗАПИСА
Създаване/Редакция Редакция
Дата на регистрацията/редакция 08.06.2010
Служител, извършил регистрацията/редакцията
999 ## - СИСТЕМНИ КОНТРОЛНИ НОМЕРА
Koha biblionumber 107196
Koha biblioitemnumber 107196
Наличности
Код за отписване Код за изгубен артикул Код за повреда Коз за рестрикции Код за отдаване Артикулен № Име на библиотеката - собственик Име на библиотеката, в която се намира в момента Статус (Текущо местоположение) Дата на вписване в системата Местоположение - отдел Цена в лева Инвентарен номер Систематично азбучна сигнатура Баркод Номер на екземпляра Цена в евро Служебна бележка Служебен тип на артикула
  Не е изгубен Не е повреден без рестрикции ползва се в читалня 173036 Регионална библиотека "Любен Каравелов" Русе Регионална библиотека "Любен Каравелов" Русе Хранилище 2004-04-20 Хранилище 9.00 120000684692 Цб 219081 120000684692 1 4.60 Дост: Dp Вид: Д N: 23 Дата: 28.05.2003 Книги
  Не е изгубен Не е повреден без рестрикции заемане за дома 173037 Регионална библиотека "Любен Каравелов" Русе Регионална библиотека "Любен Каравелов" Русе Заемна - подръчен фонд 2010-05-28 Заемна - подръчен фонд 9.00 120000744698 П 886.7-1/В 95 120000744698 2 4.60 Дост: DA Вид: А N: 16 Дата: 28.05.2010 Дата инв: 15.02.2018 Бележки инв: П2018 Книги
Vip Innovations Ltd, Rousse, Bulgaria 2025